Handbook Of Applied Cryptography (EBook) (Record no. 191162)
[ view plain ]
| 000 -LEADER | |
|---|---|
| fixed length control field | 01065 a2200145 4500 |
| 003 - CONTROL NUMBER IDENTIFIER | |
| control field | Nust |
| 005 - DATE AND TIME OF LATEST TRANSACTION | |
| control field | 20170207154010.0 |
| 040 ## - CATALOGING SOURCE | |
| Transcribing agency | Nust |
| 100 ## - MAIN ENTRY--PERSONAL NAME | |
| Personal name | Alfred J. Menezes Paul C. van Oorschot Scott A. Vanstone |
| 245 ## - TITLE STATEMENT | |
| Title | Handbook Of Applied Cryptography (EBook) |
| Statement of responsibility, etc. | Alfred J. Menezes Paul C. van Oorschot Scott A. Vanstone |
| 260 ## - PUBLICATION, DISTRIBUTION, ETC. | |
| Name of publisher, distributor, etc. | Ronald L. Rivest Webster Professor of Electrical Engineering and Computer Science Massachusetts Institute of Technology |
| Date of publication, distribution, etc. | 1996 |
| 300 ## - PHYSICAL DESCRIPTION | |
| Extent | xiii,780.p |
| 505 ## - FORMATTED CONTENTS NOTE | |
| Formatted contents note | Overview of Cryptography (Page-1) Mathematical Background (Page-49) Number-Theoretic Reference Problems (Page-87) Public-Key Parameters (Page-133) Pseudorandom Bits and Sequences (Page-169) Stream Ciphers (Page-191) Block Ciphers (Page-223) Public-Key Encryption (Page-283) Hash Functions and Data Integrity (Page-321) Identification and Entity Authentication (Page-385) Digital Signatures (Page-425) Key Establishment Protocols (Page-489) Key Management Techniques (Page-543) Efficient Implementation (Page-591) Patents and Standards (Page-635) |
| 651 ## - SUBJECT ADDED ENTRY--GEOGRAPHIC NAME | |
| Geographic name | E-Book |
| 942 ## - ADDED ENTRY ELEMENTS (KOHA) | |
| Source of classification or shelving scheme | |
| Koha item type | Book |
| Withdrawn status | Lost status | Source of classification or shelving scheme | Damaged status | Not for loan | Collection code | Permanent Location | Current Location | Date acquired | Total Checkouts | Barcode | Date last seen | Price effective from | Koha item type |
|---|---|---|---|---|---|---|---|---|---|---|---|---|---|
| Military College of Signals (MCS) | Military College of Signals (MCS) | 12/12/2016 | MCSEB-421 | 12/08/2016 | 12/12/2016 | Book |
